000 00469nam a2200157 4500
001 135775
003 ES-MaACL
005 20230906194944.0
007 t|
008 070214s1919 sp r ||||1| spa d
100 1 _aRuiz Amado, Ramón.
_9100651
245 1 0 _aEstudios pedagógicos
_b: la educación intelectual /
_cRamón Ruiz Amado.
260 _aBarcelona :
_b[s. n.],
_c1919 (
_fGuinart y Pujolar)
300 _a708 p. ;
_c19 x 12 cm.
852 _aES-MaACL
_jF-1043
999 _c135775
_d135775